Statistics for 'You're A Mean One, Mr. Grinch' Lyrics

Click here to take the quiz!

General Stats

  • This quiz has been taken 18 times
  • The average score is 14 of 39

Answer Stats

Answer % Correct
You're a {mean} {one}, Mr. Grinch
100%
Your heart's an {empty} {hole}
75%
You're as {charming} {as} {an} {eel}
75%
You're as {cuddly} {as} {a} {cactus}
75%
With a {greasy} {black} {peel}!
69%
Your brain is full of {spiders}
63%
You really are a {heel}
63%
You're a {bad} {banana}
63%
With a {thirty}-{nine}-{and}-{a}-{half} {foot} {pole}!
56%
I'd take the {seasick} {crocodile}!
56%
Of a {seasick} {crocodile}
56%
Are as follows, {and} {I} {quote}:
44%
"{Stink}, {stank}, {stunk}!"
44%
You're a {monster}, Mr. Grinch!
44%
You have {termites} {in} {your} {smile}
44%
You're a {foul} {one}, Mr. Grinch!
38%
The {three} {words} that best describe you
38%
You've got {garlic} {in} {your} {soul}
31%
You have all the {tender} {sweetness}
31%
You {nauseate} me, Mr. Grinch!
25%
With {arsenic} {sauce}!
25%
You're a {rotter}, Mr. Grinch!
25%
And {toadstool} {sandwich}
25%
You're a {three}-{decker} {sauerkraut}
25%
Your heart is full of {unwashed} {socks}
25%
Your soul is full of {gunk}
25%
Given the {choice} {between} {the} {two} {of} {you}
25%
You're a {vile} {one}, Mr. Grinch!
25%
You're a {nasty}, {wasty} {skunk}!
19%
You're the {king} {of} {sinful} {sots}!
19%
{Mangled}-{up} {in} {tangled}-{up} {knots}!
19%
Assortment of {deplorable} {rubbish} {imaginable}
19%
Splotched with {moldy}, {purple} {spots}
19%
Overflowing with the most {disgraceful}
19%
And you drive a {crooked} {hoss}
13%
Your heart's a {dead} {tomato}
13%
You're a {crooked} {jerky} {jockey}
6%
With a {nauseous} {super} {naus}!
6%
Your soul is an {apalling} {dump-heap}
6%

Score Distribution

Percentile by Number Answered

Percent of People with Each Score

Your Score History

You have not taken this quiz